| 000 | 00580nam a2200181Ia 4500 | ||
|---|---|---|---|
| 008 | 100920s9999 xx 000 0 und d | ||
| 082 |
_b99120 _a539 न 07 |
||
| 100 | _aकर्वे प्रियदर्शनी. | ||
| 245 | _aउर्जेच्या शोधात. | ||
| 260 |
_bराजहंस , पुणे. _c2007 |
||
| 300 |
_a177 _bसाधी |
||
| 365 | _b160 | ||
| 520 | _aशाआ. | ||
| 630 | _aउर्जेच्या शोधात. | ||
| 650 | _aशाआ. | ||
| 730 | _aउर्जेच्या शोधात. | ||
| 942 | _cBOOK | ||
| 999 |
_c739558 _d739555 |
||